Welcome to CU Library Online Public Access Catalogue (OPAC)

The economic structure of corporate law / (Record no. 3125)

MARC details
000 -LEADER
fixed length control field 01034pam a2200289 a 4500
001 - CONTROL NUMBER
control field 1068983
003 - CONTROL NUMBER IDENTIFIER
control field OSt
005 - DATE AND TIME OF LATEST TRANSACTION
control field 20250127201948.0
008 - FIXED-LENGTH DATA ELEMENTS--GENERAL INFORMATION
fixed length control field 910131s1991 mau b 001 0 eng
010 ## - LIBRARY OF CONGRESS CONTROL NUMBER
LC control number 91006795
020 ## - INTERNATIONAL STANDARD BOOK NUMBER
International Standard Book Number 067423538X
040 ## - CATALOGING SOURCE
Original cataloging agency DLC
Transcribing agency DLC
Modifying agency DLC
043 ## - GEOGRAPHIC AREA CODE
Geographic area code n-us---
050 00 - LIBRARY OF CONGRESS CALL NUMBER
Classification number KF1416
Item number .E27 1991
082 00 - DEWEY DECIMAL CLASSIFICATION NUMBER
Classification number 346.73/066
-- 347.30666
Edition information 20
100 1# - MAIN ENTRY--PERSONAL NAME
Personal name Easterbrook, Frank H.,
Dates associated with a name 1948-
245 14 - TITLE STATEMENT
Title The economic structure of corporate law /
Statement of responsibility, etc. Frank H. Easterbrook, Daniel R. Fischel.
260 ## - PUBLICATION, DISTRIBUTION, ETC.
Place of publication, distribution, etc. Cambridge, Mass. :
Name of publisher, distributor, etc. Harvard University Press,
Date of publication, distribution, etc. 1991.
300 ## - PHYSICAL DESCRIPTION
Extent viii, 370 p. ;
Dimensions 25 cm.
504 ## - BIBLIOGRAPHY, ETC. NOTE
Bibliography, etc. note Includes bibliographical references and indexes.
650 #0 - SUBJECT ADDED ENTRY--TOPICAL TERM
Topical term or geographic name entry element Corporation law
General subdivision Economic aspects
Geographic subdivision United States.
650 #0 - SUBJECT ADDED ENTRY--TOPICAL TERM
Topical term or geographic name entry element Managerial economics
Geographic subdivision United States.
700 1# - ADDED ENTRY--PERSONAL NAME
Personal name Fischel, Daniel R.
906 ## - LOCAL DATA ELEMENT F, LDF (RLIN)
a 7
b cbc
c orignew
d 1
e ocip
f 19
g y-gencatlg
942 ## - ADDED ENTRY ELEMENTS (KOHA)
Source of classification or shelving scheme Library of Congress Classification
Koha item type Books
Suppress in OPAC No

No items available.

© 2023-2024 Copyright: Central University Libraries. All Rights Reserved | Created by: Mahone Tech Office